000
00509nam a2200169Ia 4500
008
090123s9999 xx 000 0 und d
082
_b
7161
100
_a
शेंडे ना.रा.
245
_a
विचार प्रबोधिनी
250
_a
1
300
_a
365
600
_a
शेंडे ना.रा.
630
_a
विचार प्रबोधिनी
700
_a
शेंडे ना.रा.
730
_a
विचार प्रबोधिनी
942
_c
BOOK
999
_c
45226
_d
45226